Life Between Buildings (Record no. 11508)
[ view plain ]
| 000 -LEADER | |
|---|---|
| fixed length control field | 00206 a2200097 4500 |
| 020 ## - INTERNATIONAL STANDARD BOOK NUMBER | |
| International Standard Book Number | 978-1597268271 |
| 100 ## - MAIN ENTRY--PERSONAL NAME | |
| Personal name | Jan Gehl |
| 245 ## - TITLE STATEMENT | |
| Title | Life Between Buildings |
| 250 ## - EDITION STATEMENT | |
| Edition statement | 6th ed. |
| 260 ## - PUBLICATION, DISTRIBUTION, ETC. | |
| Name of publisher, distributor, etc. | Island Press; |
| Withdrawn status | Lost status | Source of classification or shelving scheme | Damaged status | Not for loan | Permanent Location | Current Location | Date acquired | Source of acquisition | Cost, normal purchase price | Total Checkouts | Full call number | Barcode | Date last seen | Date last checked out | Cost, replacement price | Price effective from | Koha item type |
|---|---|---|---|---|---|---|---|---|---|---|---|---|---|---|---|---|---|
| BMS College of Architecture, Design and Planning | BMS College of Architecture, Design and Planning | 2023-07-03 | 10 | 2648.57 | 3 | 711.55 GEH | AR-PG624 | 2025-03-10 | 2025-02-20 | 3838.50 | 2023-07-03 | PG Books | |||||
| BMS College of Architecture, Design and Planning | BMS College of Architecture, Design and Planning | 2023-07-03 | 10 | 2648.57 | 6 | 711.55 GEH | AR-PG625 | 2025-07-12 | 2024-11-08 | 3838.50 | 2023-07-03 | PG Books |